00949 a2200193 4500003000500000005001700005010001600022020001400038040000900052082001200061100002000073245004200093260002200135300003300157505051900190650001300709700002000722740001300742Nust20221125095258.0 a 84021803 a47104640x cNust00a530,BAL1 a Ballif , Jae R10aConceptual physics / c Jae .R Ballif a New Yorkb Wiley axx, 637 p. :bill. ;c25 cm. aThe First Law of Motion and the Special Principle of Relativity (Page-1), The Second Law of Motion (Page-63), The Third Law of Motion (Page-99), Gravitational Interactions (Page-121), Further Applications of the Laws of Force and Motions (Page-177), Conservation of Energy (Page-237), Molecular Order and Chaos (Page-275), Electric Charge and Fields (Page-309), Waves (Page-351), Modern Relativity (Page-391), Quantum Physics (Page-447), The Nuclear Forces (Page-493), System of the World , Modern View (Page-531). 0aPhysics.1 aHewitt, Paul G.0 aPhysics.